Taylor Swift The Eras Tour Trivia - Statistics

General Stats
  • This quiz has been taken 499 times
  • The average score is 7 of 10
Answer Stats
Hint Answer % Correct
How many songs from "Fearless" are on the setlist? 3
98%
What era does Taylor end the show with? Midnights
98%
According to Taylor at the shows where Travis Kelce is present, "Karma is the guy on the ________"? chiefs
91%
What number is hidden in the gems on the guitar Taylor uses to perform "Fearless"? 13
87%
What song is famously followed by record breaking standing ovations? champagne problems
81%
What song was replaced by "the 1" as the opening song of the "folklore" segment? invisible string
67%
Where was the first night of the tour? Glendale, Arizona
66%
What track was used as a surprise song to announce "1989 (Taylor's Version)? New Romantics
56%
Who joined Taylor to sing a song from "Red (Taylor's Version) during their time as an opening act? Phoebe Bridgers
56%
What was the first surprise song to be repeated? Clean
31%
No matching quizzes found
Score Distribution
Percent of People with Each Score
Percentile by Number Answered
Your Score History
You have not taken this quiz